Formula 1 Drivers Numbers Click Quiz - Statistics

General Stats
  • This quiz has been taken 592 times
    430 since last reset
  • The average score is 13 of 20
Answer Stats
Hint Answer % Correct
Max Verstappen 1
91%
Lewis Hamilton 44
90%
Lando Norris 4
84%
Charles Leclerc 16
82%
George Russell 63
79%
Carlos Sainz 55
78%
Oscar Piastri 81
77%
Pierre Gasly 10
66%
Yuki Tsunoda 22
66%
Oliver Bearman 87
66%
Fernando Alonso 14
63%
Alexander Albon 23
62%
Lance Stroll 18
61%
Nico Hulkenberg 27
60%
Kimi Antonelli 12
59%
Esteban Ocon 31
55%
Isack Hadjar 6
53%
Liam Lawson 30
52%
Gabriel Bortoleto 5
51%
Jack Doohan 7
50%
No matching quizzes found
Score Distribution
Percent of People with Each Score
Percentile by Number Answered
Your Score History
You have not taken this quiz since the last reset